| 000 | 02504cam a22004218i 4500 | ||
|---|---|---|---|
| 001 | data | ||
| 005 | 20260322212116.0 | ||
| 008 | data | ||
| 035 | _a22761525 | ||
| 906 |
_a7 _bcbc _corignew _d1 _eecip _f20 _gy-gencatlg |
||
| 925 | 0 |
_aacquire _b1 shelf copy _xpolicy default |
|
| 955 | _wxm13 2022-10-06 | ||
| 010 | _a 2022027824 | ||
| 020 |
_a9781032285764 _q(hardback) |
||
| 020 |
_a9781032285795 _q(paperback) |
||
| 020 |
_z9781003297512 _q(ebook) |
||
| 040 |
_aDLC _beng _erda _cDLC |
||
| 042 | _apcc | ||
| 050 | 0 | 0 |
_aPZ8 _b.S34565 2023 |
| 082 | 0 | 0 |
_a398.2 _223/eng/20221006 |
| 245 | 0 | 0 |
_aSilver magic : _bthe world's best fairy tales / _ccollected and arranged by Romer Wilson ; edited by Jack Zipes ; illustrated by Violet Brunton. |
| 263 | _a2212 | ||
| 264 | 1 |
_aNew York, NY : _aNew York, NY : _bRoutledge, _c2023. |
|
| 300 | _apages cm | ||
| 336 |
_atext _btxt _2rdacontent |
||
| 337 |
_aunmediated _bn _2rdamedia |
||
| 338 |
_avolume _bnc _2rdacarrier |
||
| 505 | 0 | _aOn Giants and Dwarfs / Romer Wilson -- The Miraculous Pitcher / Nathaniel Hawthorne -- Simmerwater: A Yorkshire Philemon / Anonymous -- The Marriage of Cupid and Psyche / Apuleius -- The Werewolf / Petronius -- Eight Tales from Gesta Romanorum / Charles Swan -- The Goose-Girl at the Well / J.E. Taylor (Brothers Grimm) -- Clever Alice / J.E. Taylor (Brothers Grimm) -- Lohengrin / Anonymous -- The Master-Thief / Anonymous -- Boots and the Eating Match with the Troll / Asbjørnsen and Moe (Dasent) -- How the Sea Became Salt / Anonymous -- Finn MacCool and Future Events / F.R. Davies -- Finn MacCool and the Giant / F.R. Davies -- O'Donaghue's Pigs / Anonymous -- Davy Hanlan / Patrick Cody -- Some Nonsense / Anonymous -- The Twelve Dancing Princesses / Thomas Roscoe (Brothers Grimm) -- Cinderella, or, The Little Glass Slipper / James R. Planché (Charles Perrault) -- The Yellow Dwarf / James R. Planché (Mme d'Aulnoy) -- Beauty and the Beast / James R. Planché (Mme Villeneuve). | |
| 520 | _aA collection of familiar and lesser-known fairy tales. | ||
| 650 | 0 | _aFairy tales. | |
| 650 | 1 | _aFairy tales. | |
| 650 | 1 | _aFolklore. | |
| 655 | 7 |
_aFairy tales. _2lcgft |
|
| 700 | 1 |
_aWilson, Romer, _d1891-1930, _ecompiler. |
|
| 700 | 1 |
_aZipes, Jack, _d1937- _eeditor. |
|
| 700 | 1 |
_aBrunton, Violet, _eillustrator. |
|
| 776 | 0 | 8 |
_iOnline version: _tSilver magic _dAbingdon, Oxon ; New York, NY : Routledge, 2023 _z9781003297512 _w(DLC) 2022027825 |
| 999 |
_c1760 _d1760 |
||